[Event "Fagernes GM Open 2014"]
[Site "Fagernes NOR"]
[Date "2014.04.20"]
[Round "9.11"]
[White "Djurhuus, Rune"]
[Black "Hauge, Lars Oskar"]
[Result "1-0"]
[WhiteTitle "GM"]
[BlackTitle "FM"]
[WhiteElo "2447"]
[BlackElo "2330"]
[WhiteFideId "1500082"]
[BlackFideId "1509276"]
[EventDate "2014.04.13"]

1. e4 e6 2. d4 d5 3. Nc3 Bb4 4. e5 Ne7 5. Bd2 b6 6. h4 Ba6 7. Bxa6 Nxa6 8. h5 h6
9. Nce2 Bxd2+ 10. Qxd2 c5 11. O-O-O Qd7 12. g4 Qa4 13. Rh3 Nc7 14. Kb1 Nb5 15.
Nc3 Nxc3+ 16. Rxc3 Qxd4 17. Qxd4 cxd4 18. Rxd4 Kd7 19. Rf4 f6 20. exf6 Rhf8 21.
f7 e5 22. Rff3 d4 23. Rc4 Nc8 24. Ne2 Nd6 25. Ra4 Ke6 26. c3 Ne4 27. Kc1 Nc5 28.
Ra3 d3 29. Ng3 Rxf7 30. Rxf7 Kxf7 31. Kd2 Kg8 32. b4 Ne6 33. Kxd3 Rd8+ 34. Ke4
Rd2 35. Kxe5 Ng5 36. Rxa7 Rxf2 37. Nf5 Nf7+ 38. Kd5 Rg2 39. Ra8+ Kh7 40. Rf8
Rd2+ 41. Nd4 1-0

[Event "Fagernes GM Open 2014"]
[Site "Fagernes NOR"]
[Date "2014.04.20"]
[Round "9.12"]
[White "Flermoen, Peter"]
[Black "Christiansen, Johan-Sebastian"]
[Result "1-0"]
[WhiteTitle "CM"]
[WhiteElo "2232"]
[BlackElo "2207"]
[WhiteFideId "1507303"]
[BlackFideId "1512668"]
[EventDate "2014.04.13"]

1. e4 e6 2. d4 d5 3. Nc3 Nf6 4. exd5 exd5 5. Bd3 Bd6 6. Nge2 O-O 7. h3 Re8 8.
O-O c6 9. Bf4 Nh5 10. Bxd6 Qxd6 11. Qd2 h6 12. Rfe1 Nd7 13. Ng3 Rxe1+ 14. Rxe1
Nxg3 15. Re8+ Nf8 16. fxg3 b6 17. Qf4 Qxf4 18. gxf4 Bb7 19. Re7 Rb8 20. f5 Nh7
21. Ne2 Kf8 22. Re5 Nf6 23. c3 Rd8 24. Kf2 a5 25. g4 Ra8 26. Bc2 Ba6 27. Nf4 b5
28. Kf3 b4 29. Re3 Bc4 30. b3 Bb5 31. h4 Re8 32. Rxe8+ Nxe8 33. cxb4 axb4 34.
Ng2 Nd6 35. Kf4 Be2 36. g5 hxg5+ 37. hxg5 Ke7 38. Ke3 Bg4 39. Kf4 Be2 40. Ke3
Ba6 41. Nh4 Bc8 42. Bd3 f6 43. Kf4 Kf7 44. Nf3 Nb7 45. Ba6 Nd6 46. Bxc8 Nxc8 47.
Ne1 fxg5+ 48. Kxg5 Nd6 49. Nd3 Nb5 50. Ne5+ Ke7 51. Nxc6+ Kd6 52. Nxb4 Nxd4 53.
Nd3 Nf3+ 54. Kf4 Nd4 55. b4 Ne2+ 56. Kg5 d4 57. Kg6 Kd5 58. Kxg7 Ke4 59. f6 Kxd3
60. f7 Nf4 61. Kf6 Nd5+ 62. Kg5 Nxb4 63. a3 Nc2 64. f8=Q Kc3 65. Qc5+ Kb3 66.
Qb5+ Kc3 67. Kf4 Nxa3 68. Qa5+ Kb3 69. Ke4 Nc2 70. Qd2 Nb4 71. Kxd4 Nc2+ 72. Kc5
Na3 73. Qb4+ Ka2 74. Qb8 Nb1 75. Kd4 Na3 76. Kd3 Nb1 77. Kc2 Na3+ 78. Kc1 Nc4
79. Qb4 Ka1 80. Qb1# 1-0

[Event "Fagernes GM Open 2014"]
[Site "Fagernes NOR"]
[Date "2014.04.20"]
[Round "9.13"]
[White "Svane, Rasmus"]
[Black "Guttulsrud, Odd Martin"]
[Result "1-0"]
[WhiteTitle "IM"]
[BlackTitle "CM"]
[WhiteElo "2487"]
[BlackElo "2206"]
[WhiteFideId "4657101"]
[BlackFideId "1507249"]
[EventDate "2014.04.13"]

1. Nf3 Nf6 2. c4 c5 3. Nc3 b6 4. g3 Bb7 5. Bg2 d6 6. O-O Nbd7 7. d4 cxd4 8. Qxd4
g6 9. Be3 Bg7 10. Rac1 O-O 11. Qh4 Rc8 12. b3 Re8 13. Rfd1 Qc7 14. Bh6 Bh8 15.
Bh3 Qd8 16. Ng5 Bg7 17. Be6 Rf8 18. Bxg7 Kxg7 19. Bxf7 Nc5 20. Na4 Qd7 21. Nxc5
Rxc5 22. Bd5 Bxd5 23. cxd5 Rxc1 24. Rxc1 Rc8 25. Rc6 Kh8 26. Qh6 Rxc6 27. Qf8+ 1-0

[Event "Fagernes GM Open 2014"]
[Site "Fagernes NOR"]
[Date "2014.04.20"]
[Round "9.14"]
[White "Hansen, Torbjorn Ringdal"]
[Black "Haug, Johannes"]
[Result "1-0"]
[WhiteTitle "IM"]
[WhiteElo "2469"]
[BlackElo "2096"]
[WhiteFideId "1501720"]
[BlackFideId "1509268"]
[EventDate "2014.04.13"]

1. Nf3 Nf6 2. c4 g6 3. g3 Bg7 4. Bg2 O-O 5. O-O c6 6. d4 d5 7. Qa4 Nbd7 8. cxd5
cxd5 9. Nc3 Nb6 10. Qb3 Ne4 11. Bf4 Be6 12. Rac1 Rc8 13. Nb5 Nc4 14. Nxa7 Ra8
15. Nb5 Qa5 16. a3 Rfc8 17. Nc3 Nxa3 18. Qxb7 Nxc3 19. Rxc3 Nb5 20. Rxc8+ Rxc8
21. Ng5 Rf8 22. Nxe6 fxe6 23. e3 Kf7 24. Bh3 Na7 25. Rc1 1-0

[Event "Fagernes GM Open 2014"]
[Site "Fagernes NOR"]
[Date "2014.04.20"]
[Round "9.15"]
[White "Salomon, Johan"]
[Black "Mihajlov, Sebastian"]
[Result "1/2-1/2"]
[BlackTitle "CM"]
[WhiteElo "2343"]
[BlackElo "2197"]
[WhiteFideId "1509500"]
[BlackFideId "1512110"]
[EventDate "2014.04.13"]

1. c4 c6 2. Nf3 Nf6 3. g3 g6 4. Bg2 Bg7 5. O-O O-O 6. Nc3 d5 7. d3 dxc4 8. dxc4
Qxd1 9. Rxd1 Be6 10. Nd2 Rd8 11. Rb1 Na6 12. b3 Rd7 13. Bb2 Rad8 14. Nf1 Nb4 15.
Rxd7 Rxd7 16. a3 Na6 17. Rd1 Nc5 18. Rxd7 Nfxd7 19. Nd2 Bh6 20. f4 g5 21. e3 1/2-1/2

[Event "Fagernes GM Open 2014"]
[Site "Fagernes NOR"]
[Date "2014.04.20"]
[Round "9.16"]
[White "Dolzhikova, Olga"]
[Black "Lillevold, Frode"]
[Result "1-0"]
[WhiteTitle "WGM"]
[WhiteElo "2209"]
[BlackElo "2182"]
[WhiteFideId "14105870"]
[BlackFideId "1502913"]
[EventDate "2014.04.13"]

1. e4 e5 2. Nc3 Nf6 3. g3 d5 4. exd5 Nxd5 5. Bg2 Be6 6. Nf3 Nc6 7. O-O Be7 8.
Re1 Bf6 9. Ne4 O-O 10. Nxf6+ Qxf6 11. d3 h6 12. Nd2 Rad8 13. a3 Qg6 14. Nc4 Qf6
15. Bd2 Nde7 16. b3 Bd5 17. Bc3 Bxg2 18. Kxg2 Ng6 19. f4 Rfe8 20. Re4 b5 21. Ne3
Qd6 22. f5 Nge7 23. Bb2 f6 24. Qh5 Rf8 25. Rf1 Qd7 26. Ng4 Kh7 27. Bc1 Qe8 28.
Qh3 Ng8 29. Be3 Nd4 30. Bxd4 Rxd4 31. Rxd4 exd4 32. Kg1 Qe2 33. Nf2 Qxc2 34. Qg4
Qxb3 35. Re1 c5 36. Nh3 Qf7 37. Nf4 Re8 38. Ne6 Re7 39. Re4 a5 40. Qe2 Rd7 41.
Nxc5 Ne7 42. Nxd7 Nxf5 43. Nc5 Qd5 44. Ne6 Ne3 45. Nxd4 f5 46. Qxe3 1-0

[Event "Fagernes GM Open 2014"]
[Site "Fagernes NOR"]
[Date "2014.04.20"]
[Round "9.17"]
[White "Andersen, Alf R."]
[Black "Kvisvik, Brede"]
[Result "0-1"]
[BlackTitle "FM"]
[WhiteElo "2230"]
[BlackElo "2300"]
[WhiteFideId "1503120"]
[BlackFideId "1502999"]
[EventDate "2014.04.13"]

1. e4 c5 2. f4 d5 3. exd5 Nf6 4. b3 Nxd5 5. Bb2 Nc6 6. Bb5 Bd7 7. Ne2 e6 8. O-O
Nf6 9. Ng3 a6 10. Bd3 h5 11. f5 e5 12. Nc3 Qb6 13. Bc4 h4 14. Nge4 Nxe4 15. Nxe4
f6 16. h3 O-O-O 17. a4 Kb8 18. d3 Nd4 19. a5 Qc7 20. Bxd4 cxd4 21. b4 Bc6 22.
Qg4 Ka7 23. Rfb1 Bb5 24. Bxb5 axb5 25. Nc5 Bxc5 26. bxc5 Ka6 27. c4 dxc3 28.
Rxb5 Rd4 29. Rb6+ Ka7 30. Qf3 e4 31. dxe4 Qxc5 32. Kh2 c2 33. Rc1 Qe7 34. e5
Qxe5+ 35. Kh1 Qd5 36. Qxd5 Rxd5 37. Rxc2 Rxa5 38. Re6 Rd8 39. Rc1 Rd7 40. Re4
Rxf5 41. Rxh4 b5 42. Kh2 Kb6 43. Rc2 Rc5 44. Rb2 Rdc7 45. Rh8 Rb7 46. h4 Rc4 47.
Kh3 b4 48. h5 Kb5 49. h6 Rc3+ 50. Kg4 gxh6 51. Rxh6 Rb6 52. Kf5 Rc5+ 53. Kf4 Ka4
54. g4 Ka3 55. Rg2 b3 56. Rh1 Rb4+ 57. Kg3 b2 58. Rgg1 Rbc4 59. Rh8 Rc1 60. Ra8+
Kb4 61. Rb8+ Rb5 0-1

[Event "Fagernes GM Open 2014"]
[Site "Fagernes NOR"]
[Date "2014.04.20"]
[Round "9.18"]
[White "Merkesvik, Sondre"]
[Black "Haria, Ravi"]
[Result "0-1"]
[WhiteElo "2042"]
[BlackElo "2207"]
[WhiteFideId "1514350"]
[BlackFideId "415820"]
[EventDate "2014.04.13"]

1. c4 e6 2. g3 d5 3. Bg2 Nf6 4. d4 Be7 5. Nc3 O-O 6. Nf3 c6 7. O-O Nbd7 8. Nd2
b5 9. cxb5 cxb5 10. Nxb5 Qb6 11. Qa4 Rb8 12. Nc3 Ba6 13. Re1 Rfc8 14. a3 Bc4 15.
e4 Qxd4 16. Nf3 Qb6 17. exd5 Bc5 18. Qc2 Bb3 19. Qe2 exd5 20. h3 Re8 21. Qd2
Rbd8 22. Nh4 Bxf2+ 23. Qxf2 Rxe1+ 0-1

[Event "Fagernes GM Open 2014"]
[Site "Fagernes NOR"]
[Date "2014.04.20"]
[Round "9.19"]
[White "Djurhuus, Eivind X"]
[Black "Hagesather, Arne"]
[Result "1/2-1/2"]
[WhiteElo "1977"]
[BlackElo "2143"]
[WhiteFideId "1515721"]
[BlackFideId "1502476"]
[EventDate "2014.04.13"]

1. c4 b6 2. Nc3 e6 3. e4 Bb7 4. g3 f5 5. d3 Bb4 6. Bg2 Nf6 7. Ne2 O-O 8. O-O Ne8
9. a3 Be7 10. d4 c5 11. d5 fxe4 12. dxe6 Nd6 13. exd7 Nxd7 14. Nf4 Ne5 15. Ne6
Qd7 16. Nxf8 Rxf8 17. Nd5 Kh8 18. b3 Nf3+ 19. Kh1 Bf6 20. Rb1 Bd4 21. Be3 Rf5
22. Bh3 Bxd5 23. cxd5 Qf7 24. Bxf5 Qxf5 25. Kg2 Qg4 26. h3 Nh4+ 27. Kh2 Nf3+ 1/2-1/2

[Event "Fagernes GM Open 2014"]
[Site "Fagernes NOR"]
[Date "2014.04.20"]
[Round "9.20"]
[White "Bjerke, Richard"]
[Black "Loberg, Jo Kristian"]
[Result "1/2-1/2"]
[WhiteTitle "FM"]
[WhiteElo "2194"]
[BlackElo "2039"]
[WhiteFideId "1500252"]
[BlackFideId "1505599"]
[EventDate "2014.04.13"]

1. e4 c5 2. Nf3 d6 3. d4 cxd4 4. Nxd4 Nf6 5. Nc3 a6 6. Bc4 e6 7. O-O b5 8. Bb3
Nbd7 9. f4 Nc5 10. e5 dxe5 11. fxe5 Nxb3 12. axb3 Bc5 13. Be3 Nd5 14. Qf3 O-O
15. Nxd5 Qxd5 16. Qxd5 exd5 17. c3 Re8 18. Bf4 Bxd4+ 19. cxd4 Bf5 20. Rfc1 Rec8
21. Rxc8+ Rxc8 22. Rxa6 h6 23. Rb6 1/2-1/2